[Event "2. Bundesliga West 2014/15"]
[Site "Diverse"]
[Date "2015.03.08"]
[Round "11"]
[Board "5"]
[White "Ljubic, Juro"]
[Black "Rusche, Johannes"]
[Result "1-0"]
[WhiteElo "2213"]
[BlackElo "2274"]
[PlyCount "46"]
[EventDate "2014.10.10"]
[EventType "team"]
[EventRounds "11"]
[EventCountry "AUT"]
[WhiteTeam "Schwarzach"]
[BlackTeam "Kufstein / Woergl"]

1.b3 e5 2.Bb2 Nc6 3.c4 Nf6 4.e3 Be7 5.Nf3 e4 6.Nd4 Nxd4 7.Bxd4 O-O 8.Nc3 b6 9.Rc1
Bb7 10.Qc2 Ba3 11.Rd1 Re8 12.Be2 Bd6 13.O-O c5 14.Bxf6 Qxf6 15.g3 Re6 16.f3 exf3 17.Bxf3
Bxf3 18.Nd5 Qe5 19.Rxf3 Qe4 20.Qxe4 Rxe4 21.Rdf1 f6 22.Rxf6 Rf4 23.R6xf4 Bf8 1-0

[Event "2. Bundesliga West 2014/15"]
[Site "Diverse"]
[Date "2015.03.08"]
[Round "11"]
[Board "6"]
[White "Neuschmied, Siegfried"]
[Black "Stoeckl, Norbert"]
[Result "1-0"]
[WhiteElo "2246"]
[BlackElo "2094"]
[PlyCount "107"]
[EventDate "2014.10.10"]
[EventType "team"]
[EventRounds "11"]
[EventCountry "AUT"]
[WhiteTeam "Kufstein / Woergl"]
[BlackTeam "Schwarzach"]

1.e4 c5 2.Nf3 e6 3.d3 g6 4.g3 Bg7 5.Bg2 Ne7 6.O-O d6 7.c3 Nbc6 8.Re1 e5 9.a3 a5 10.a4
O-O 11.Na3 h6 12.Nd2 Be6 13.Ndc4 d5 14.exd5 Bxd5 15.Bf1 f5 16.Qb3 Nc8 17.Qd1 h5 18.f4
Re8 19.Be3 b6 20.Qd2 Nd6 21.Rad1 Nf7 22.Nb5 Na7 23.Nba3 Nc6 24.Qf2 Ra7 25.Rd2 Rae7
26.Nb5 Qb8 27.Red1 Bh6 28.h3 Kh7 29.Bg2 Bxg2 30.Kxg2 h4 31.fxe5 Bxe3 32.Nxe3 Ncxe5
33.Nd5 Qb7 34.c4 Kg7 35.Rf1 Nxd3 36.Qf3 Nde5 37.Qc3 hxg3 38.Kxg3 Re6 39.Nbc7 Ng5 40.Re2
Ne4+ 41.Rxe4 fxe4 42.Re1 Kh6 43.Rxe4 Qb8 44.Kg2 R8e7 45.Rh4+ Kg7 46.Qc1 g5 47.Nxe7
Rxe7 48.Qxg5+ Ng6 49.Rg4 Qb7+ 50.Nd5 Re2+ 51.Kg3 Re6 52.h4 Qb8+ 53.Nf4 Qd6 54.Qxg6+ 1-0

[Event "2. Bundesliga West 2014/15"]
[Site "Diverse"]
[Date "2015.03.08"]
[Round "11"]
[Board "1"]
[White "Perunovic, Milos"]
[Black "Wegener, Olaf"]
[Result "1-0"]
[WhiteElo "2632"]
[BlackElo "2441"]
[PlyCount "105"]
[EventDate "2014.10.10"]
[EventType "team"]
[EventRounds "11"]
[EventCountry "AUT"]
[WhiteTeam "Dornbirn"]
[BlackTeam "Rochade Rum"]

1.e4 c5 2.Nc3 d6 3.f4 g6 4.Nf3 Bg7 5.Bb5+ Bd7 6.Bc4 Nc6 7.d3 Na5 8.Bd2 Nxc4 9.dxc4
e6 10.Qe2 Ne7 11.O-O-O a6 12.e5 d5 13.Be1 Bc6 14.Ne4 O-O 15.h4 Qc7 16.Nf6+ Bxf6 17.exf6
Nf5 18.Ne5 Qd8 19.g4 Nd4 20.Qe3 Qxf6 21.c3 Qxf4 22.Qxf4 Ne2+ 23.Kc2 Nxf4 24.Bg3 g5
25.hxg5 Ng6 26.Rh2 Nxe5 27.Bxe5 dxc4 28.Bf6 Be4+ 29.Kd2 Bd3 30.Ke3 Rfc8 31.b3 b5 32.bxc4
bxc4 33.Rb2 Rab8 34.Rdd2 Rb5 35.a4 Rbb8 36.Be5 Ra8 37.Rb7 Kf8 38.Rdb2 Kg8 39.a5 Bg6
40.Bf6 Bd3 41.R2b6 Bc2 42.Rd6 Kf8 43.Kf4 e5+ 44.Bxe5 Re8 45.Rbb6 Ra7 46.Rxa6 Rae7
47.Rd5 Kg8 48.Rad6 Ba4 49.a6 Bc2 50.Rd8 Ba4 51.Rxe8+ Rxe8 52.Rxc5 Ra8 53.a7 1-0

[Event "2. Bundesliga West 2014/15"]
[Site "Diverse"]
[Date "2015.03.08"]
[Round "11"]
[Board "2"]
[White "Braeuer, Franz"]
[Black "Milanovic, Danilo"]
[Result "1-0"]
[WhiteElo "2387"]
[BlackElo "2471"]
[PlyCount "71"]
[EventDate "2014.10.10"]
[EventType "team"]
[EventRounds "11"]
[EventCountry "AUT"]
[WhiteTeam "Rochade Rum"]
[BlackTeam "Dornbirn"]

1.e4 d5 2.exd5 Qxd5 3.Nc3 Qd8 4.d4 Nf6 5.Nf3 a6 6.g3 Bg4 7.Bg2 c6 8.h3 Bxf3 9.Bxf3
e6 10.Qd3 Nbd7 11.Bd2 Qb6 12.O-O-O O-O-O 13.Rhe1 Nc5 14.Qe2 Rxd4 15.Be3 Rxd1+ 16.Rxd1
Be7 17.Qc4 Qa5 18.Bf4 Rd8 19.Rxd8+ Kxd8 20.Qd4+ Ke8 21.g4 Qb6 22.Be3 Qd8 23.Qc4 Ncd7
24.Bg2 Nd5 25.Nxd5 cxd5 26.Qa4 Kf8 27.c4 Qc8 28.Qc2 dxc4 29.Qxh7 Nf6 30.Qh8+ Ng8 31.Be4
f6 32.Bh7 Kf7 33.Bg6+ Kf8 34.Bh6 gxh6 35.Qh7 c3 36.Qf7# 1-0

[Event "2. Bundesliga West 2014/15"]
[Site "Diverse"]
[Date "2015.03.08"]
[Round "11"]
[Board "3"]
[White "Sergeev, Vladimir"]
[Black "Pogan, Nikolas"]
[Result "0-1"]
[WhiteElo "2448"]
[BlackElo "2284"]
[PlyCount "166"]
[EventDate "2014.10.10"]
[EventType "team"]
[EventRounds "11"]
[EventCountry "AUT"]
[WhiteTeam "Dornbirn"]
[BlackTeam "Rochade Rum"]

1.c4 c5 2.g3 g6 3.Bg2 Bg7 4.Nc3 Nc6 5.a3 e6 6.Rb1 a5 7.d3 Nge7 8.Be3 d6 9.Nf3 Rb8
10.O-O h6 11.Qc1 b6 12.Rd1 e5 13.Bd2 Be6 14.e4 Kf8 15.Nb5 Kg8 16.b4 axb4 17.axb4 Kh7
18.h3 Qd7 19.Kh2 Ra8 20.Na3 Ra4 21.b5 Nd4 22.Nxd4 exd4 23.Re1 Rha8 24.Nc2 Ra2 25.Ra1
Rxa1 26.Nxa1 Ra2 27.Nb3 Qa7 28.Bf4 Rxf2 29.Kg1 Ra2 30.Bxd6 Nc8 31.Bf4 g5 32.Bd2 Be5
33.Rf1 Ne7 34.Be1 Ng6 35.Rf2 Ra3 36.Rb2 Qa4 37.Qb1 f6 38.Bf1 Kg7 39.Kg2 h5 40.Be2
h4 41.Bh5 hxg3 42.Bxg6 Kxg6 43.Bxg3 Bxg3 44.Kxg3 Bxc4 45.dxc4 Qxc4 46.Kg2 Qc3 47.e5+
f5 48.e6 Qe3 49.Rf2 Qxe6 50.Nd2 Qd5+ 51.Rf3 Ra2 52.Qe1 Rxd2+ 53.Qxd2 g4 54.hxg4 fxg4
55.Qc2+ Kg7 56.Qa4 Qxf3+ 57.Kg1 g3 58.Qxd4+ Qf6 59.Qg4+ Qg6 60.Qd7+ Kh6 61.Qc6 Kg5
62.Kg2 Kf5 63.Qd5+ Kf4 64.Qd2+ Ke5 65.Qd7 c4 66.Qc7+ Kd5 67.Qc8 Qe6 68.Qc7 Qe2+ 69.Kh3
Qh2+ 70.Kg4 Qe2+ 71.Kh3 Qh5+ 72.Kg2 Qh2+ 73.Kf3 Qf2+ 74.Kg4 g2 75.Qc6+ Ke5 76.Qc7+
Ke4 77.Qxc4+ Qd4 78.Qc2+ Ke3+ 79.Kh3 g1=N+ 80.Kg2 Ne2 81.Qb3+ Qd3 82.Qf7 Nf4+ 83.Kg3
Qg6+ 0-1

[Event "2. Bundesliga West 2014/15"]
[Site "Diverse"]
[Date "2015.03.08"]
[Round "11"]
[Board "4"]
[White "Spornberger, Maximilian"]
[Black "Drabke, Lorenz"]
[Result "0-1"]
[WhiteElo "2347"]
[BlackElo "2462"]
[PlyCount "58"]
[EventDate "2014.10.10"]
[EventType "team"]
[EventRounds "11"]
[EventCountry "AUT"]
[WhiteTeam "Rochade Rum"]
[BlackTeam "Dornbirn"]

1.e4 c5 2.d4 cxd4 3.c3 Nf6 4.e5 Nd5 5.Nf3 e6 6.cxd4 d6 7.Bc4 Nc6 8.O-O Be7 9.Qe2 O-O
10.Qe4 Qc7 11.a3 Na5 12.Ba2 Bd7 13.Re1 Rac8 14.Nbd2 Kh8 15.h4 Ba4 16.Qg4 Bc2 17.Ne4
dxe5 18.dxe5 Qb6 19.b4 Nb3 20.Bxb3 Bxb3 21.Qh5 Rc2 22.Nfg5 Bxg5 23.hxg5 Qd4 24.Rb1
Ba2 25.Bb2 Rxb2 26.Rbd1 Qxe5 27.g4 Rb1 28.Nf6 Nxf6 29.gxf6 Qxh5 0-1

[Event "2. Bundesliga West 2014/15"]
[Site "Diverse"]
[Date "2015.03.08"]
[Round "11"]
[Board "5"]
[White "Thoma, Robert"]
[Black "Hengl, Christian"]
[Result "1/2-1/2"]
[WhiteElo "2350"]
[BlackElo "2245"]
[PlyCount "75"]
[EventDate "2014.10.10"]
[EventType "team"]
[EventRounds "11"]
[EventCountry "AUT"]
[WhiteTeam "Dornbirn"]
[BlackTeam "Rochade Rum"]

1.c4 e5 2.Nc3 Nc6 3.g3 g6 4.Bg2 Bg7 5.e3 d6 6.Nge2 f5 7.d4 Nh6 8.dxe5 dxe5 9.Qxd8+
Nxd8 10.O-O c6 11.b3 O-O 12.Ba3 Re8 13.Rad1 Nhf7 14.f3 Ne6 15.Rd2 Bf8 16.Bxf8 Kxf8
17.f4 e4 18.g4 Nh6 19.gxf5 gxf5 20.Bh3 Ke7 21.Ng3 Nc5 22.Rfd1 Be6 23.Nce2 Rg8 24.Nd4
Rad8 25.Kf1 Kf6 26.Nxe6 Nxe6 27.Rd6 Rxd6 28.Rxd6 Ke7 29.c5 Rf8 30.b4 Rf6 31.Ke2 a5
32.a3 axb4 33.axb4 Nd8 34.Rd2 Ne6 35.Rd6 Nd8 36.Rd2 Ne6 37.Kd1 Ng7 38.Ra2 1/2-1/2

[Event "2. Bundesliga West 2014/15"]
[Site "Diverse"]
[Date "2015.03.08"]
[Round "11"]
[Board "6"]
[White "Hoellrigl, Wilfried"]
[Black "Novkovic, Julia"]
[Result "0-1"]
[WhiteElo "2153"]
[BlackElo "2156"]
[PlyCount "82"]
[EventDate "2014.10.10"]
[EventType "team"]
[EventRounds "11"]
[EventCountry "AUT"]
[WhiteTeam "Rochade Rum"]
[BlackTeam "Dornbirn"]

1.e4 e5 2.Nf3 Nc6 3.Bb5 g6 4.O-O Bg7 5.c3 a6 6.Ba4 b5 7.Bb3 Nge7 8.d4 d6 9.h3 O-O
10.a4 Bb7 11.Re1 Na5 12.Bc2 c5 13.Bg5 h6 14.Bxe7 Qxe7 15.dxc5 dxc5 16.Nbd2 Rfd8 17.Qe2
Bc6 18.axb5 axb5 19.b3 Nb7 20.Nf1 Nd6 21.Qe3 Ne8 22.Red1 Rxd1 23.Rxd1 Ra2 24.Qc1 Qa7
25.Kh2 c4 26.bxc4 Qxf2 27.Rd2 Qa7 28.Bd3 Ra1 29.Qc2 Nd6 30.cxb5 Nxb5 31.Bxb5 Bxb5
32.c4 Ba6 33.Ng3 Qc7 34.c5 Ra5 35.Rd5 Bc8 36.c6 Ra6 37.Rc5 Be6 38.Qc3 Bf8 39.Qxe5
Bd6 40.Qc3 Bxg3+ 41.Kg1 Qa7 0-1

[Event "2. Bundesliga West 2014/15"]
[Site "Diverse"]
[Date "2015.03.08"]
[Round "11"]
[Board "1"]
[White "Hertneck, Gerald"]
[Black "Krassowizkij, Jaroslaw"]
[Result "0-1"]
[WhiteElo "2465"]
[BlackElo "2408"]
[PlyCount "114"]
[EventDate "2014.10.10"]
[EventType "team"]
[EventRounds "11"]
[EventCountry "AUT"]
[WhiteTeam "Sparkasse Neumarkt"]
[BlackTeam "Goetzis"]

1.d4 Nf6 2.c4 g6 3.f3 Nc6 4.Nc3 d5 5.e4 dxe4 6.d5 Ne5 7.Bf4 Nfd7 8.fxe4 Bg7 9.Nf3
O-O 10.Qd2 e6 11.O-O-O exd5 12.cxd5 Nxf3 13.gxf3 c6 14.dxc6 bxc6 15.h4 h5 16.Bd6 Re8
17.f4 Nf6 18.e5 Nd5 19.Nxd5 cxd5 20.Kb1 Bf5+ 21.Bd3 Qd7 22.Ka1 Rac8 23.Bxf5 Qxf5 24.Qxd5
Qxf4 25.Rhf1 Qc4 26.a3 Red8 27.Rf3 Qxd5 28.Rxd5 Rc4 29.Rb5 Rd7 30.Rb8+ Kh7 31.Rb4
Rxb4 32.axb4 f6 33.exf6 Rxd6 34.fxg7 Rd4 35.Rh3 Rxb4 36.Ka2 Kxg7 37.Ka3 a5 38.b3 Rf4
39.Rh1 Kf6 40.Rh2 Kf5 41.Rh1 Rg4 42.Rh3 Rg1 43.Rc3 Ra1+ 44.Kb2 Re1 45.Rf3+ Kg4 46.Rf6
g5 47.hxg5 Kxg5 48.Rf8 Re5 49.Kc3 h4 50.Kd4 Rf5 51.Rh8 Kg4 52.Ke4 Rg5 53.Ke3 Kg3 54.Ke2
h3 55.Kf1 h2 56.Rh7 Rg4 57.Rh8 Rf4+ 0-1

[Event "2. Bundesliga West 2014/15"]
[Site "Diverse"]
[Date "2015.03.08"]
[Round "11"]
[Board "2"]
[White "Eisenbeiser, Amadeus"]
[Black "Sulava, Nenad"]
[Result "1/2-1/2"]
[WhiteElo "2365"]
[BlackElo "2441"]
[PlyCount "122"]
[EventDate "2014.10.10"]
[EventType "team"]
[EventRounds "11"]
[EventCountry "AUT"]
[WhiteTeam "Goetzis"]
[BlackTeam "Sparkasse Neumarkt"]

1.e4 e5 2.Nf3 Nc6 3.Bc4 Bc5 4.O-O Nf6 5.d3 d6 6.c3 a6 7.Bb3 Ba7 8.Nbd2 Qe7 9.Re1 g5
10.Nf1 g4 11.N3d2 h5 12.Nc4 h4 13.Be3 Bd7 14.Bxa7 Nxa7 15.Nce3 O-O-O 16.Ba4 c6 17.Rc1
Rdg8 18.Rc2 Kb8 19.Rd2 Qf8 20.Bc2 Qh6 21.d4 Be6 22.d5 cxd5 23.exd5 Bc8 24.Bf5 g3 25.Qf3
gxh2+ 26.Nxh2 Bxf5 27.Qxf5 Rg5 28.Qf3 Rhg8 29.Kf1 Qg6 30.Qh3 Ne4 31.Rde2 Rh5 32.Nf3
Ng5 33.Nxg5 Rxg5 34.Qh2 f5 35.f4 Rg3 36.Rf2 h3 37.gxh3 Qh5 38.h4 e4 39.Ree2 Nc8 40.Ke1
Rf3 41.Rxf3 Qxf3 42.Nxf5 Rf8 43.Nd4 Qd3 44.f5 e3 45.Kf1 Re8 46.Qg3 Qb1+ 47.Re1 Qe4
48.Qf3 Qd3+ 49.Re2 Qd1+ 50.Kg2 Rg8+ 51.Kh3 Nb6 52.Rxe3 Qd2 53.Re2 Qh6 54.f6 Rh8 55.Re4
Nd7 56.Qf4 Qg6 57.Qxd6+ Ka7 58.Rg4 Qd3+ 59.Qg3 Qf1+ 60.Qg2 Qxf6 61.Qf3 Qd8 1/2-1/2

[Event "2. Bundesliga West 2014/15"]
[Site "Diverse"]
[Date "2015.03.08"]
[Round "11"]
[Board "3"]
[White "Farkas, Richard"]
[Black "Anistratov, Dmitrij"]
[Result "1/2-1/2"]
[WhiteElo "2236"]
[BlackElo "2305"]
[PlyCount "116"]
[EventDate "2014.10.10"]
[EventType "team"]
[EventRounds "11"]
[EventCountry "AUT"]
[WhiteTeam "Sparkasse Neumarkt"]
[BlackTeam "Goetzis"]

1.e4 d6 2.d4 Nf6 3.Nc3 g6 4.f4 Bg7 5.Nf3 c5 6.dxc5 Qa5 7.Qd4 O-O 8.Bd2 Nc6 9.Qc4 Be6
10.Qb5 Qc7 11.cxd6 exd6 12.Nd5 Bxd5 13.exd5 Rfe8+ 14.Be2 a6 15.Qd3 Ne7 16.O-O-O Ng4
17.Rhf1 Nf5 18.Rde1 Nge3 19.Rg1 Rac8 20.c3 h5 21.h3 Qb6 22.Bd1 Nxd1 23.Rxe8+ Rxe8
24.Rxd1 h4 25.Re1 Rc8 26.Re4 Qa5 27.Kb1 Bf6 28.Nh2 Ng3 29.Re1 Qd8 30.Ng4 Bg7 31.Be3
Nf5 32.Bf2 b5 33.Ne3 Nh6 34.Nc2 Nf5 35.Ne3 Nh6 36.Nc2 Nf5 37.Nb4 Rc4 38.Re4 Rxe4 39.Qxe4
Qc8 40.Nc6 Bf6 41.a4 Kf8 42.Ka2 bxa4 43.Qxa4 Ng7 44.Qb4 Ne8 45.Bd4 Qf5 46.Be5 Kg7
47.Bxf6+ Nxf6 48.Qxd6 Qe4 49.Nd4 Qxg2 50.c4 Qxh3 51.Qe7 Ng8 52.Qe5+ Kh7 53.d6 Qd7
54.c5 Qa4+ 55.Kb1 Qd1+ 56.Ka2 Qa4+ 57.Kb1 Qd1+ 58.Ka2 h3 1/2-1/2

[Event "2. Bundesliga West 2014/15"]
[Site "Diverse"]
[Date "2015.03.08"]
[Round "11"]
[Board "4"]
[White "Mittelberger, Peter"]
[Black "Gara, Anita"]
[Result "1/2-1/2"]
[WhiteElo "2203"]
[BlackElo "2341"]
[PlyCount "87"]
[EventDate "2014.10.10"]
[EventType "team"]
[EventRounds "11"]
[EventCountry "AUT"]
[WhiteTeam "Goetzis"]
[BlackTeam "Sparkasse Neumarkt"]

1.c4 g6 2.Nc3 Bg7 3.g3 e5 4.Bg2 d6 5.e3 f5 6.Nge2 Nf6 7.O-O O-O 8.d4 c6 9.b3 e4 10.a4
a5 11.Ba3 Na6 12.Qd2 Nc7 13.Rae1 Re8 14.Ra1 Be6 15.Rfd1 Bf7 16.Bb2 g5 17.Rf1 d5 18.cxd5
Ncxd5 19.Ba3 Nxc3 20.Nxc3 Ng4 21.Rab1 Qd7 22.Qc2 Bg6 23.b4 f4 24.Bxe4 Rxe4 25.Nxe4
Qd5 26.Qe2 Bxe4 27.Qxg4 Bxb1 28.Rxb1 Qa2 29.Re1 Qxa3 30.bxa5 fxg3 31.hxg3 Qxa4 32.Rb1
Qxa5 33.Rxb7 Rf8 34.Qe6+ Kh8 35.Rf7 Rxf7 36.Qxf7 Qa8 37.Qe7 h6 38.Qd7 Kh7 39.Qf5+
Kg8 40.Qe6+ Kh8 41.Qd7 Bf6 42.Qf7 Qd8 43.Qe6 Kg7 44.Qxc6 1/2-1/2

[Event "2. Bundesliga West 2014/15"]
[Site "Diverse"]
[Date "2015.03.08"]
[Round "11"]
[Board "5"]
[White "Kaspret, Guido"]
[Black "Quintero Ortega, Carlos"]
[Result "1/2-1/2"]
[WhiteElo "2308"]
[BlackElo "2190"]
[PlyCount "140"]
[EventDate "2014.10.10"]
[EventType "team"]
[EventRounds "11"]
[EventCountry "AUT"]
[WhiteTeam "Sparkasse Neumarkt"]
[BlackTeam "Goetzis"]

1.c4 g6 2.Nc3 Bg7 3.d4 c5 4.Nf3 cxd4 5.Nxd4 Nc6 6.Nb3 d6 7.g3 Nf6 8.Bg2 O-O 9.O-O
Be6 10.c5 d5 11.Bg5 d4 12.Nb5 h6 13.Bc1 Ne8 14.Bxc6 Bxb3 15.Qxb3 bxc6 16.Na3 Nc7 17.Rd1
e5 18.e3 Ne6 19.Qc4 Qd7 20.Nc2 Rfd8 21.exd4 exd4 22.Nb4 a5 23.Nd3 Qd5 24.b3 Qf3 25.Bd2
Rd5 26.Bf4 h5 27.h4 g5 28.hxg5 h4 29.Ne1 Qg4 30.f3 Qh3 31.Qf1 Qf5 32.Qd3 Qh3 33.Qf1
Nxf4 34.gxf4 Qg3+ 35.Kh1 Qxf4 36.Nd3 Qxg5 37.Qe2 Qe3 38.Qf1 Rf5 39.f4 Qe4+ 40.Qg2
Re8 41.Re1 Qxg2+ 42.Kxg2 Re3 43.Rxe3 dxe3 44.Re1 Bd4 45.Kf3 Bxc5 46.Kg4 Rd5 47.Nxc5
Rxc5 48.Rxe3 Rc2 49.a4 c5 50.Kxh4 c4 51.Kg5 Kg7 52.bxc4 Rxc4 53.Ra3 Rc5+ 54.Kg4 Kf6
55.Rb3 Rc4 56.Rb6+ Kg7 57.Kg5 Rxa4 58.f5 f6+ 59.Kh5 Rb4 60.Ra6 Rb7 61.Rxa5 Re7 62.Ra1
Rd7 63.Rg1+ Kf7 64.Ra1 Rc7 65.Kh6 Rd7 66.Kh7 Rc7 67.Rg1 Rc2 68.Rg7+ Kf8 69.Rg6 Kf7
70.Rg7+ Kf8 1/2-1/2

[Event "2. Bundesliga West 2014/15"]
[Site "Diverse"]
[Date "2015.03.08"]
[Round "11"]
[Board "6"]
[White "Scheffknecht, Philipp"]
[Black "Frank, Jeremias"]
[Result "1/2-1/2"]
[WhiteElo "2152"]
[BlackElo "1929"]
[PlyCount "81"]
[EventDate "2014.10.10"]
[EventType "team"]
[EventRounds "11"]
[EventCountry "AUT"]
[WhiteTeam "Goetzis"]
[BlackTeam "Sparkasse Neumarkt"]

1.Nf3 d5 2.g3 Nf6 3.Bg2 c6 4.O-O Bg4 5.b3 Nbd7 6.Bb2 Qc7 7.d4 e6 8.c4 Be7 9.Nc3 O-O
10.Rc1 Rfd8 11.cxd5 Nxd5 12.Nxd5 exd5 13.Qd2 Bf6 14.Ne1 Qb6 15.f3 Bh5 16.Kh1 h6 17.e3
Bg6 18.Qf2 Re8 19.Rd1 Qa5 20.Bc1 Re7 21.Nd3 Rae8 22.Nf4 Bh7 23.h4 g5 24.Nh5 Bg6 25.Nxf6+
Nxf6 26.g4 b6 27.Kg1 Bh7 28.Rfe1 Nd7 29.hxg5 hxg5 30.Qd2 Qxd2 31.Bxd2 Re6 32.Kf2 Kg7
33.Bc3 f6 34.Re2 Kf7 35.Rde1 c5 36.Bb2 Bg6 37.Bc3 Bh7 38.Bb2 Bg6 39.Ba1 R8e7 40.Bb2
Re8 41.Bc3 1/2-1/2

[Event "2. Bundesliga West 2014/15"]
[Site "Diverse"]
[Date "2015.03.08"]
[Round "11"]
[Board "1"]
[White "Durakovic, Alman"]
[Black "Graf, Felix"]
[Result "1/2-1/2"]
[WhiteElo "2314"]
[BlackElo "2478"]
[PlyCount "59"]
[EventDate "2014.10.10"]
[EventType "team"]
[EventRounds "11"]
[EventCountry "AUT"]
[WhiteTeam "SIR Bernhard 2"]
[BlackTeam "Bregenz"]

1.d4 e6 2.c4 b6 3.Nc3 Bb7 4.e4 Bb4 5.Bd3 f5 6.d5 fxe4 7.Bxe4 Nf6 8.Bf3 e5 9.Bd2 O-O
10.Nge2 a5 11.O-O Na6 12.Ng3 Nc5 13.Qc2 d6 14.Bg5 Bxc3 15.Qxc3 Qe8 16.Qc2 Bc8 17.b3
h6 18.Bd2 Kh8 19.a3 a4 20.b4 Nb3 21.Rae1 Nd4 22.Qd3 Nxf3+ 23.Qxf3 Qg6 24.Qc3 Bd7 25.f4
exf4 26.Rxf4 Rae8 27.Ref1 Kg8 28.h3 Re5 29.Kh2 Rfe8 30.R1f3 1/2-1/2

[Event "2. Bundesliga West 2014/15"]
[Site "Diverse"]
[Date "2015.03.08"]
[Round "11"]
[Board "2"]
[White "Jorczik, Julian"]
[Black "Pitl, Gregory"]
[Result "0-1"]
[WhiteElo "2385"]
[BlackElo "2387"]
[PlyCount "46"]
[EventDate "2014.10.10"]
[EventType "team"]
[EventRounds "11"]
[EventCountry "AUT"]
[WhiteTeam "Bregenz"]
[BlackTeam "SIR Bernhard 2"]

1.d4 d5 2.c4 c6 3.Nf3 Nf6 4.Nc3 dxc4 5.a4 Bf5 6.Ne5 Na6 7.f3 Nd7 8.Nxc4 e5 9.dxe5
Qh4+ 10.g3 Qxc4 11.e4 Qc5 12.exf5 Nb4 13.Bh3 Nxe5 14.Kf1 Qc4+ 15.Kg2 Rd8 16.Qe2 Qxe2+
17.Nxe2 Bc5 18.f6 O-O 19.fxg7 Rfe8 20.Nc3 Nc2 21.Ra2 Nd3 22.Bg5 f6 23.b4 Ndxb4 0-1

[Event "2. Bundesliga West 2014/15"]
[Site "Diverse"]
[Date "2015.03.08"]
[Round "11"]
[Board "3"]
[White "Pflug, Mathias"]
[Black "Dobosz, Henryk"]
[Result "0-1"]
[WhiteElo "2259"]
[BlackElo "2389"]
[PlyCount "97"]
[EventDate "2014.10.10"]
[EventType "team"]
[EventRounds "11"]
[EventCountry "AUT"]
[WhiteTeam "SIR Bernhard 2"]
[BlackTeam "Bregenz"]

1.e4 d6 2.d4 Nf6 3.Nc3 e5 4.Nf3 Nbd7 5.Bc4 Be7 6.O-O O-O 7.Re1 a6 8.a4 b6 9.Nd5 Bb7
10.Nxe7+ Qxe7 11.d5 c6 12.b4 b5 13.dxc6 Bxc6 14.axb5 axb5 15.Rxa8 Rxa8 16.Bd3 Nf8
17.Qe2 Qb7 18.Bg5 N8d7 19.Nd2 h6 20.Bxf6 Nxf6 21.Nb3 Ra2 22.h3 Qb6 23.Qd2 Bd7 24.Qc3
Ra8 25.Ra1 Rc8 26.Qe1 Be6 27.Ra3 Bc4 28.Qa1 Bxd3 29.cxd3 Rc2 30.Qe1 Nh5 31.Ra1 Nf4
32.Rd1 Rb2 33.Nc1 Qd4 34.Qe3 Rxb4 35.Qxd4 exd4 36.g3 Nxh3+ 37.Kg2 Ng5 38.Ne2 Ne6 39.Ra1
Rb3 40.Ra8+ Kh7 41.Rb8 g5 42.Rb6 Kg7 43.f4 Rxd3 44.Rxd6 Rd2 45.Kf1 d3 46.Nc3 b4 47.Nd5
b3 48.Rb6 b2 49.Ne3 0-1

[Event "2. Bundesliga West 2014/15"]
[Site "Diverse"]
[Date "2015.03.08"]
[Round "11"]
[Board "4"]
[White "Abhau, Jochen"]
[Black "Harringer, Franz"]
[Result "0-1"]
[WhiteElo "2265"]
[BlackElo "2239"]
[PlyCount "80"]
[EventDate "2014.10.10"]
[EventType "team"]
[EventRounds "11"]
[EventCountry "AUT"]
[WhiteTeam "Bregenz"]
[BlackTeam "SIR Bernhard 2"]

1.Nf3 g6 2.d4 Bg7 3.c4 f5 4.g3 Nf6 5.Bg2 O-O 6.O-O d6 7.b3 Nc6 8.Bb2 e5 9.e3 e4 10.Ne1
Qe8 11.Nc2 g5 12.f3 exf3 13.Bxf3 Qg6 14.Qd3 Ne4 15.Nc3 Nxc3 16.Bxc3 Bd7 17.b4 Rae8
18.Rae1 Nd8 19.b5 c6 20.bxc6 bxc6 21.Kh1 h5 22.Bg2 Re7 23.Nb4 Be8 24.Rf2 Bh6 25.d5
c5 26.Nc6 Nxc6 27.dxc6 Rc7 28.Rb2 Qf7 29.Bd5 Bxc6 30.Bxc6 Rxc6 31.Reb1 Rc7 32.Qxd6
Bg7 33.Rb8 Rd7 34.Rxf8+ Bxf8 35.Qc6 Rc7 36.Qa6 Rd7 37.Qc8 Qe6 38.Rb8 Qe4+ 39.Kg1 Rd1+
40.Kf2 Qc2+ 0-1

[Event "2. Bundesliga West 2014/15"]
[Site "Diverse"]
[Date "2015.03.08"]
[Round "11"]
[Board "5"]
[White "Wieneroiter, Gerald"]
[Black "Herbrechtsmeier, Christof"]
[Result "1/2-1/2"]
[WhiteElo "2140"]
[BlackElo "2286"]
[PlyCount "63"]
[EventDate "2014.10.10"]
[EventType "team"]
[EventRounds "11"]
[EventCountry "AUT"]
[WhiteTeam "SIR Bernhard 2"]
[BlackTeam "Bregenz"]

1.Nf3 g6 2.c4 Nf6 3.g3 Bg7 4.Nc3 d5 5.cxd5 Nxd5 6.Bg2 Nxc3 7.bxc3 O-O 8.O-O Nd7 9.Ng5
Nb6 10.Ne4 Rb8 11.Rb1 Be6 12.Qc2 Bd5 13.d3 Bc6 14.c4 Na4 15.Be3 Qd7 16.Rb4 a5 17.Nf6+
Bxf6 18.Bxc6 bxc6 19.Rxb8 Rxb8 20.Qxa4 Rb2 21.Qxa5 h5 22.Re1 h4 23.Bc1 Rb8 24.Ba3
Bd4 25.e3 Bf6 26.Qd2 h3 27.f3 Ra8 28.Bb4 Qf5 29.Kf2 c5 30.Ba5 Qd7 31.Re2 Rb8 32.Bc3 1/2-1/2

[Event "2. Bundesliga West 2014/15"]
[Site "Diverse"]
[Date "2015.03.08"]
[Round "11"]
[Board "6"]
[White "Bezler, Rainer"]
[Black "Prodinger, Johannes"]
[Result "1-0"]
[WhiteElo "2215"]
[BlackElo "1911"]
[PlyCount "84"]
[EventDate "2014.10.10"]
[EventType "team"]
[EventRounds "11"]
[EventCountry "AUT"]
[WhiteTeam "Bregenz"]
[BlackTeam "SIR Bernhard 2"]

1.d4 Nf6 2.c4 c5 3.Nf3 cxd4 4.Nxd4 Nc6 5.Nc3 g6 6.e4 Bg7 7.Nc2 O-O 8.Be2 d6 9.O-O
Be6 10.Bd2 Qd7 11.Rc1 Ne8 12.Re1 Nd4 13.Nxd4 Bxd4 14.Bh6 Bg7 15.Bxg7 Kxg7 16.Qd4+
Kg8 17.Red1 Nf6 18.e5 dxe5 19.Qxe5 Qc8 20.Nd5 Bxd5 21.cxd5 Qf5 22.Qxf5 gxf5 23.Rc7
e6 24.dxe6 fxe6 25.Rxb7 Rfb8 26.Re7 Re8 27.Rxe8+ Rxe8 28.Bc4 Kf7 29.f3 Ke7 30.Kf2
h5 31.b3 e5 32.a4 a5 33.Bd3 e4 34.Bc4 h4 35.Ke3 Rc8 36.Kf4 Rc5 37.h3 Rc8 38.Kxf5 exf3
39.Re1+ Kd6 40.Kxf6 fxg2 41.Rg1 Rf8+ 42.Kg5 Rh8 1-0